000 00216nam a2200085Ia 4500
008 120527s9999 xx 000 0 und d
100 _aPhilippatos &Sihler
245 _aFinancial management: text and cases
942 _cBK
999 _c27267
_d27267